000 00628cam a2200145 4500500
005 20260208010540.0
041 _afre
042 _adc
100 1 0 _aGabaude, Jean-Marc
_eauthor
245 0 0 _aEvanghélos Moutsopoulos, La philosophie de la musique dans le système de Proclus, Académie d’Athènes, Centre de recherche sur la philosophie grecque, 2004, 228 p.
260 _c2005.
500 _a35
786 0 _nRevue philosophique de la France et de l'étranger | 130 | 1 | 2005-03-01 | p. 77zo-130zo | 0035-3833
856 4 1 _uhttps://shs.cairn.info/revue-philosophique-2005-1-page-77zo?lang=fr&redirect-ssocas=7080
999 _c1657079
_d1657079